Cílem je získat 10 procent trhu. Aktivita rakouského koncernu ÖMV-Gruppe a společnosti ÖMV-ČSFR na čs. trhu pohonných hmot.
Prezentácia rakúskeho koncernu ÖMV v rozhovore s finančným riaditeľom firmy ÖMV-ČSFR, s.r.o. Aktivita ÖMV na Slovensku a neskôr i v Čechách. Investičné zámery ÖMV v ČSFR, obchodná i rozvojová politika. Ponuka tovaru pre motoristov. Predaj benzínov čs. výrobcov.
Gespeichert in:
| 1. Verfasser: | |
|---|---|
| Format: | Buchkapitel |
| Sprache: | Tschechisch |
| Schlagworte: | |
| Tags: |
Keine Tags, Fügen Sie das erste Tag hinzu!
|
MARC
| LEADER | 00000naa a2200000 4500 | ||
|---|---|---|---|
| 001 | r007249 | ||
| 005 | 20221125081126.8 | ||
| 041 | 0 | |a cze | |
| 044 | |a [CS] | ||
| 245 | 1 | 0 | |a Cílem je získat 10 procent trhu. |b Aktivita rakouského koncernu ÖMV-Gruppe a společnosti ÖMV-ČSFR na čs. trhu pohonných hmot. |c L. Baroch |
| 520 | |a Prezentácia rakúskeho koncernu ÖMV v rozhovore s finančným riaditeľom firmy ÖMV-ČSFR, s.r.o. Aktivita ÖMV na Slovensku a neskôr i v Čechách. Investičné zámery ÖMV v ČSFR, obchodná i rozvojová politika. Ponuka tovaru pre motoristov. Predaj benzínov čs. výrobcov. | ||
| 610 | 2 | 0 | |a spoločnosti zmiešané |
| 610 | 2 | 0 | |a spoločnosti obchodné |
| 610 | 2 | 0 | |a koncerny |
| 610 | 2 | 0 | |a Rakúsko |
| 610 | 2 | 0 | |a ČSFR |
| 610 | 2 | 0 | |a ÖMV |
| 610 | 2 | 0 | |a hmoty pohonné |
| 610 | 2 | 0 | |a trh |
| 610 | 2 | 0 | |a investície |
| 610 | 2 | 0 | |a politika obchodná |
| 100 | 1 | |a Baroch, L. | |